| 000 | 00408nam a22001337a 4500 | ||
|---|---|---|---|
| 082 |
_a340 _bKHA |
||
| 100 | _aKhan, Asad Imtiaz | ||
| 245 |
_aPolitical Science Part-11 _bLL.B. ( 5 Years Program ) as per HEC New Syllabus / _cAsad Imtiaz Khan |
||
| 260 |
_aLahore : _bMansoor Law Book House, _c2021. |
||
| 300 | _a552 p. | ||
| 563 | _aPB. | ||
| 650 |
_aLaw, Political Science _9128111 |
||
| 942 |
_2ddc _cBK |
||
| 999 |
_c613136 _d613136 |
||